Statistiques concernant Pays commençant par la lettre B avec une carte

Cliquez ici pour prendre le quiz!

Statistiques générales

  • Ce quiz a été pris 1 170 fois
  • Le résultat moyen est 13 sur 18

Réponses sur la Carte

Les réponses sont colorées sur une échelle allant du rouge au vert en fonction du pourcentage des utilisateurs qui les ont devinées à leur premier essai. Vous pouvez retrouver ces pourcentages ci-dessous.
 

Statistiques - réponses

Pays% Correct
Belgique
89%
Bolivie
85%
Brésil
79%
Birmanie
78%
Bhoutan
75%
Biélorussie
75%
Botswana
74%
Bénin
72%
Bulgarie
71%
Belize
70%
Bangladesh
69%
Bahamas
67%
Bahreïn
65%
Bosnie-Herzégovine
65%
Brunei
63%
Burundi
62%
Barbade
60%
Burkina Faso
59%

Distribution des résultats

Percentile par nombre de réponses

% des personnes avec chaque résultat

Votre développement - résultats

Vous n’avez pas pris ce quiz